000 00562nam a2200181 i 4500
001 91112
003 ES-MaACL
005 20230906180637.0
007 t|
008 050127s1969 sp ||||1| spa d
100 1 _aLerner, Isadore Michael.
_971783
245 1 3 _aLa nueva zootecnia /
_cpor I. Michael Lerner y H.P. Donald ; traducción... Eduardo Zorita.
260 _aLeón :
_bAcademia,
_c[1969]
300 _aXIII, 356 p. :
_bil. ;
_c23 cm.
700 1 _aZorita, Eduardo.
_9118348
700 1 _aDonald, H. P.
_945282
852 _aES-MaACL
_jC-38168
_bR.72671
999 _c91112
_d91112